Datum a čas kvízu
32
Celkem bodů
Celkový počet nahraných bodů na tomto kvízu bez doplňovacích otázek.
4.
Pořadí na kvízu
Konečné umístění týmu na tomto kvízu.
Zaznamenané odpovědi
| # | Otázka | Odpověď | Body | Výsledky |
|---|---|---|---|---|
| 1. | Ministr zahraničí České republ... | Madeleine Albrightová | 1 | |
| 2. | Dvaaosmdesátiletý prezident Ab... | Alžírsko | 1 | |
| 3. | Stejně jako je _____ _____ cen... | Skleněný pokoj | 1 | |
| 4. | Možná jste i Vy zaznamenali, ž... | 1 | ||
| 5. | Slavný holandský kouč, bývalý... | Louis van Gaal | 0 | |
| 1. | Toto téma jste vybrali prostře... | DEA | 1 | |
| 2. | Seriál The Crown, popisující ž... | na území Řecka | 1 | |
| 3. | V seriálu Boardwalk Empire ovl... | Atlantic City | 0 | |
| 4. | Herečku Robin Wrightovou, jedn... | Forrest Gump | 0 | |
| 5. | Jak se jmenuje český herec, da... | Aleš Háma | 0 |